Figuras en el espejo

Gespeichert in:
Bibliographische Detailangaben
1. Verfasser: Soto González, Rodrigo
Format: Buch
Sprache:Undetermined
Veröffentlicht: San José, Costa Rica Ediciones Perro Azul 2001
Schlagworte:
Tags: Tag hinzufügen
Keine Tags, Fügen Sie den ersten Tag hinzu!

MARC

LEADER 00000nam a2200000Ia 4500
008 170316s9999 xx 000 0 und d
040 |a cru BVZT 
090 |a 868 S-23f 
100 |a Soto González, Rodrigo 
245 |a Figuras en el espejo 
260 |a San José, Costa Rica 
260 |b Ediciones Perro Azul 
260 |c 2001 
300 |a 221 páginas 
650 |a LITERATURA COSTARRICENSE 
650 |a NOVELA 
999 |c 11565  |d 11565 
942 |c 15 D  |h 868 S-23f  |2 z